000 00444nam a2200193Ia 4500
005 20240823054747.0
008 240823s9999||||xx |||||||||||||| ||und||
020 _a0-325-00669-5
041 _aENGLISH
082 _A371.394 P7
100 _aKoanne Yatvin
245 2 _aA Room with a Differented View
250 _a1st
260 _c2007
_b"Heinmann,L"
500 _aYES
650 _aGeneral
_bGeneral
942 _cBK
999 _c227213
_d227213